| 000 | 00651nam a2200133Ia 4500 | ||
|---|---|---|---|
| 008 | 100328s9999 xx 000 0 und d | ||
| 082 | _b70858 | ||
| 100 | _aदेशपांडे रेणुकादास-अनु. (मुळ ले.-प.बियाणी,क.महेश्वरी). | ||
| 245 | _aलक्ष्मीनिवास मित्तल. (स्टीलकिंग). | ||
| 260 | _bसाकेत. | ||
| 630 | _aलक्ष्मीनिवास मित्तल. (स्टीलकिंग). | ||
| 730 | _aलक्ष्मीनिवास मित्तल. (स्टीलकिंग). | ||
| 942 | _cBOOK | ||
| 999 |
_c556583 _d556580 |
||